000 00595nam a2200229Ia 4500
003 OSt
005 20221007072255.0
006 a|||||r|||| 00| 0
007 ta
008 221006b |||||||| |||| 00| 0 eng d
024 _a17,607
037 _cTextual
040 _aFLL
_cFLL
_beng
041 _2eng
_aeng
082 _aY1:Z1, K3
100 _aJenks C. Wolfred
_9690402
245 0 _aLaw, freedom and welfare
260 _aLondon
_bStevens & Sons England
_c1963
300 _a162p
_ccm.
942 _hY1:Z1, K3
_cTEXL
_2CC
999 _c1145610
_d1145610